[Event "FIN-chT 0708"]
[Site "Finland"]
[Date "2007.09.15"]
[Round "1.2"]
[White "Holmsten, Aleksei"]
[Black "Sepp, Olav"]
[Result "0-1"]
[WhiteElo "2384"]
[BlackElo "2457"]
[PlyCount "66"]
[EventDate "2007.09.15"]
[EventType "team-tourn"]
[EventRounds "9"]
[EventCountry "FIN"]
[SourceTitle "EXT 2022"]
[Source "ChessBase"]
[SourceDate "2021.10.06"]
[SourceVersion "1"]
[SourceVersionDate "2021.10.06"]
[SourceQuality "1"]
[WhiteTeam "Turku TS"]
[BlackTeam "Vantaa EtVaS"]
[WhiteTeamCountry "FIN"]
[BlackTeamCountry "FIN"]

1. Nf3 Nf6 2. g3 g6 3. Bg2 Bg7 4. 0-0 0-0 5. d4 d6 6. c4 Nbd7 7. Nc3 e5 8. b3 Re8 9. e3 c6 10. Bb2 e4 11. Nd2 d5 12. cxd5 cxd5 13. f3 exf3 14. Qxf3 Nb6 15. e4 Bg4 16. Qf4 Be6 17. e5 Ng4 18. Qf3 Qg5 19. Qe2 Qe3+ 20. Qxe3 Nxe3 21. Rf2 Nc2 22. Rd1 Nxd4 23. Nxd5 Bxd5 24. Bxd5 Nxd5 25. Bxd4 Rad8 26. Bxa7 Nb4 27. Rdf1 Ra8 28. Bd4 Rxa2 29. Rxf7 Nc6 30. Bc3 b5 31. Rb7 b4 32. Rff7 Bh8 33. Bxb4 Nxb4 0-1

[Event "FIN-chT 0607"]
[Site "Finland"]
[Date "2007.03.10"]
[Round "8.2"]
[White "Agopov, Mikael"]
[Black "Holmsten, Aleksei"]
[Result "1-0"]
[WhiteElo "2412"]
[BlackElo "2392"]
[PlyCount "67"]
[EventDate "2006.09.14"]
[EventType "team-tourn"]
[EventRounds "9"]
[EventCountry "FIN"]
[SourceTitle "EXT 2022"]
[Source "ChessBase"]
[SourceDate "2021.10.06"]
[SourceVersion "1"]
[SourceVersionDate "2021.10.06"]
[SourceQuality "1"]
[WhiteTeam "Espoo MatSK"]
[BlackTeam "Turku TS"]
[WhiteTeamCountry "FIN"]
[BlackTeamCountry "FIN"]

1. e4 c5 2. Nf3 Nc6 3. d4 cxd4 4. Nxd4 Nf6 5. Nc3 e5 6. Ndb5 d6 7. Bg5 a6 8. Na3 b5 9. Bxf6 gxf6 10. Nd5 Bg7 11. Bd3 Ne7 12. Nxe7 Qxe7 13. c4 0-0 14. 0-0 f5 15. Qf3 Rb8 16. exf5 bxc4 17. Nxc4 Bb7 18. Be4 d5 19. Bxd5 e4 20. f6 Bxf6 21. Qg3+ Kh8 22. Bxb7 Rxb7 23. Rfe1 Bg7 24. Rad1 f5 25. b3 f4 26. Qg4 Rb5 27. Rd7 Qf6 28. Rxe4 f3 29. h4 Rg8 30. Qxf3 Rf5 31. Qe2 Bf8 32. Ne5 Rxe5 33. Rxe5 Qc6 34. Red5 1-0

[Event "FIN-chT 0607"]
[Site "Finland"]
[Date "2007.02.10"]
[Round "7.2"]
[White "Holmsten, Aleksei"]
[Black "Sammalvuo, Tapani"]
[Result "0-1"]
[WhiteElo "2392"]
[BlackElo "2458"]
[PlyCount "66"]
[EventDate "2006.09.14"]
[EventType "team-tourn"]
[EventRounds "9"]
[EventCountry "FIN"]
[SourceTitle "EXT 2022"]
[Source "ChessBase"]
[SourceDate "2021.10.06"]
[SourceVersion "1"]
[SourceVersionDate "2021.10.06"]
[SourceQuality "1"]
[WhiteTeam "Turku TS"]
[BlackTeam "Helsinki Velhot"]
[WhiteTeamCountry "FIN"]
[BlackTeamCountry "FIN"]

1. Nf3 Nf6 2. g3 b6 3. Bg2 Bb7 4. 0-0 e6 5. d4 Be7 6. c4 0-0 7. Nc3 Na6 8. d5 Bb4 9. Ne5 Bxc3 10. bxc3 exd5 11. Bg5 d6 12. Ng4 Qd7 13. Nxf6+ gxf6 14. Bxf6 Qf5 15. Bh4 Nc5 16. Bxd5 Rfe8 17. Re1 Bxd5 18. Qxd5 Qe4 19. Bf6 Re6 20. Bd4 c6 21. Qh5 Na4 22. f4 f5 23. Rac1 c5 24. Bf2 Nb2 25. h3 Rg6 26. Kh2 Rf8 27. Rg1 Nxc4 28. Rg2 Qe6 29. Rcg1 Nd2 30. g4 Qxe2 31. Bxc5 Qf3 32. Bf2 Qxf4+ 33. Bg3 Qe4 0-1

[Event "FIN-chT 0607"]
[Site "Finland"]
[Date "2007.01.13"]
[Round "6.1"]
[White "Holmsten, Aleksei"]
[Black "Norri, Joose"]
[Result "1/2-1/2"]
[WhiteElo "2392"]
[BlackElo "2362"]
[PlyCount "72"]
[EventDate "2006.09.14"]
[EventType "team-tourn"]
[EventRounds "9"]
[EventCountry "FIN"]
[SourceTitle "EXT 2022"]
[Source "ChessBase"]
[SourceDate "2021.10.06"]
[SourceVersion "1"]
[SourceVersionDate "2021.10.06"]
[SourceQuality "1"]
[WhiteTeam "Turku TS"]
[BlackTeam "Helsinki HSK"]
[WhiteTeamCountry "FIN"]
[BlackTeamCountry "FIN"]

1. e4 Nf6 2. e5 Nd5 3. c4 Nb6 4. c5 Nd5 5. Nc3 e6 6. Nxd5 exd5 7. d4 d6 8. cxd6 cxd6 9. Nf3 Nc6 10. Be2 dxe5 11. Nxe5 Bd6 12. 0-0 0-0 13. Bf3 Nxe5 14. dxe5 Bxe5 15. Bxd5 Qf6 16. Qb3 Rd8 17. Be3 Bxb2 18. Rad1 Bg4 19. f3 Be6 20. Bxe6 Qxe6 21. Qxe6 fxe6 22. Rxd8+ Rxd8 23. Bxa7 b5 24. Rf2 Rd1+ 25. Rf1 Rd7 26. Be3 Rd3 27. Bc5 Kf7 28. Re1 Rd2 29. Kf1 Bc3 30. Re2 Rd5 31. Be3 Rd1+ 32. Kf2 Ra1 33. Rc2 b4 34. Ke2 Rb1 35. Kd3 Be5 36. h3 b3 1/2-1/2

[Event "FIN-chT 0607"]
[Site "Finland"]
[Date "2006.11.19"]
[Round "5.2"]
[White "Holmsten, Aleksei"]
[Black "Dokutchaev, Aleksander"]
[Result "1-0"]
[WhiteElo "2392"]
[BlackElo "2409"]
[PlyCount "85"]
[EventDate "2006.09.14"]
[EventType "team-tourn"]
[EventRounds "9"]
[EventCountry "FIN"]
[SourceTitle "EXT 2022"]
[Source "ChessBase"]
[SourceDate "2021.10.06"]
[SourceVersion "1"]
[SourceVersionDate "2021.10.06"]
[SourceQuality "1"]
[WhiteTeam "Turku TS"]
[BlackTeam "Joensuu SK"]
[WhiteTeamCountry "FIN"]
[BlackTeamCountry "FIN"]

1. e4 e5 2. Nf3 Nc6 3. Bb5 a6 4. Ba4 d6 5. 0-0 Bd7 6. c3 Nf6 7. Re1 g6 8. d4 Qe7 9. h3 Bg7 10. Nbd2 0-0 11. Bc2 Rfe8 12. a4 a5 13. Nc4 exd4 14. cxd4 Nb4 15. Bb1 d5 16. exd5 Qf8 17. d6 Be6 18. Nce5 Qxd6 19. Bf4 Qb6 20. Bd3 Nfd5 21. Bg3 Nxd3 22. Qxd3 Bf5 23. Qc4 c6 24. Qa2 Qa6 25. Rad1 f6 26. Ng4 Be6 27. Qa3 Nb4 28. Qc3 Rad8 29. Ne3 Na2 30. Qc2 Nb4 31. Qc3 Na2 32. Qd2 Bb3 33. Ra1 Nb4 34. Qc3 Bf7 35. Ng4 Nd5 36. Qd2 Qb6 37. Rxe8+ Rxe8 38. Bd6 h5 39. Bc5 Qb3 40. Nh6+ Bxh6 41. Qxh6 b6 42. Bd6 Rd8 43. Ng5 1-0

[Event "FIN-chT 0506"]
[Site "Finland"]
[Date "2006.02.11"]
[Round "7.1"]
[White "Westerinen, Heikki MJ"]
[Black "Holmsten, Aleksei"]
[Result "1-0"]
[WhiteElo "2388"]
[BlackElo "2403"]
[PlyCount "73"]
[EventDate "2005.09.10"]
[EventType "team-tourn"]
[EventRounds "9"]
[EventCountry "FIN"]
[SourceTitle "EXT 2022"]
[Source "ChessBase"]
[SourceDate "2021.10.06"]
[SourceVersion "1"]
[SourceVersionDate "2021.10.06"]
[SourceQuality "1"]
[WhiteTeam "Helsinki Gaia"]
[BlackTeam "Turku TS"]
[WhiteTeamCountry "FIN"]
[BlackTeamCountry "FIN"]

1. e4 c5 2. Nf3 Nc6 3. d4 cxd4 4. Nxd4 Nf6 5. Nc3 e5 6. Ndb5 d6 7. Nd5 Nxd5 8. exd5 Nb8 9. Qf3 a6 10. Qa3 Be7 11. f4 0-0 12. fxe5 Nd7 13. exd6 axb5 14. dxe7 Re8 15. Be2 Rxe7 16. Qxa8 Nf6 17. Qa3 Bg4 18. 0-0 Rxe2 19. Be3 b4 20. Qd3 Qxd5 21. Qxd5 Nxd5 22. Rae1 Rxc2 23. Rf2 Rc8 24. Rd2 Be6 25. Red1 Rd8 26. b3 h6 27. Bc5 Ra8 28. Rxd5 Bxd5 29. Rxd5 Rxa2 30. Bxb4 Rb2 31. Rd3 f5 32. Bd2 g5 33. Kf2 Kf7 34. Ke2 Ke6 35. Rh3 g4 36. Rxh6+ Kd5 37. Rb6 1-0